000 00457nam a2200157Ia 4500
003 SGT
082 _a200
_bMUR
100 _aMurthy,ARK
245 _aPromissory Notes
260 _bKhemraj Prakashan
_aNew Delhi
_c1993
300 _a431p.
650 _a RELIGION
653 _aCONSIDERATION,DISCHARGE OF PROMISSORY NOTE,CONSTRUCTION AND DETAILS OF DOCUMENT,MATERIAL ALTERATION,NEGOTIATION,PRESENTMENT OF PRONOTE
700 _aNarayana,P.S
942 _2ddc
_cBK
999 _c5677
_d5677